Count to 100! - No "0" - Statistics

General Stats
  • This quiz has been taken 194 times
  • The average score is 71 of 90
Answer Stats
# % Correct
1
100%
2
98%
3
98%
4
98%
5
98%
6
98%
7
98%
8
98%
9
98%
11
94%
12
93%
13
92%
14
92%
15
92%
16
92%
17
92%
18
92%
19
92%
21
91%
22
91%
23
91%
24
91%
25
91%
26
91%
27
91%
28
90%
29
90%
31
88%
32
88%
33
88%
34
88%
35
88%
36
87%
37
87%
38
87%
39
87%
41
86%
42
85%
43
85%
44
84%
45
82%
46
82%
47
82%
48
81%
49
80%
51
78%
52
78%
53
78%
54
78%
55
78%
56
78%
57
77%
58
76%
59
76%
61
76%
62
76%
63
75%
64
74%
65
74%
66
74%
67
73%
68
73%
69
72%
71
71%
72
69%
73
69%
74
69%
75
68%
76
68%
77
68%
78
65%
79
65%
81
65%
82
64%
83
64%
84
62%
85
62%
86
61%
87
60%
88
60%
89
58%
91
57%
92
56%
93
56%
94
55%
95
54%
96
53%
97
52%
98
52%
99
49%
No matching quizzes found
Score Distribution
Percent of People with Each Score
Percentile by Number Answered
Your Score History
You have not taken this quiz